000
00302nam a2200133Ia 4500
100
_a
Peebles peyton Z
942
_c
BK
654
_a
communication systems
245
_a
Digital communication systems
260
_b
prentice hall
_a
New Jersey
_c
1987
300
_a
432
546
_a
ENGLISH
999
_c
24502
_d
24502